| 000 | 01297nab a22002777a 4500 | ||
|---|---|---|---|
| 999 |
_c6528 _d6528 |
||
| 003 | OSt | ||
| 005 | 20260223083812.0 | ||
| 008 | 190506c xxu||||| |||| 00| 0 spa d | ||
| 040 | _cPJ | ||
| 100 |
_97129 _aRovelli, Patricia |
||
| 245 | 1 | 0 |
_aGestión de conflictos en el sector de trabajadores de plataforma / _cPatricia Rovelli, Silvana Millán. |
| 260 |
_aBuenos Aires : _bAbeledoPerrot, _c2024. |
||
| 300 | _ap. 13-15 | ||
| 500 | _aCita: TR LALEY AR/DOC/51/24. | ||
| 505 | _aSumario: I. Introducción.— II. El llamado caso Pedidos Ya.— III. El caso Rappi.— IV. Situación actual de las personas relevadas.— V. Otras cuestiones respecto a los trabajadores de plataformas.— VI. Proyectos Pendientes.— VII. Referencias bibliográficas. | ||
| 505 | _t¿Te interesa el texto completo? Comunicate al correo: koha@justierradelfuego.gov.ar | ||
| 650 | 0 |
_91316 _aDERECHO LABORAL |
|
| 650 | 0 |
_91323 _aCONTRATO DE TRABAJO |
|
| 650 | 0 |
_94428 _aRELACIÓN DE DEPENDENCIA |
|
| 650 | 0 |
_91402 _aJORNADA DE TRABAJO |
|
| 650 | 0 |
_91323 _aCONTRATO DE TRABAJO |
|
| 650 | 0 |
_94428 _aRELACIÓN DE DEPENDENCIA |
|
| 700 |
_97036 _aMillán, Silvana |
||
| 773 | 0 |
_02751 _93202 _dBuenos Aires : AbeledoPerrot, 2013- _tRevista de derecho laboral y seguridad social. Nº 3 - Febrero 2024 |
|
| 942 |
_2udc _cANA |
||